[Event "Mid Bohemia Region-chT 2223"]
[Site "Czech Republic"]
[Date "2023.02.26"]
[Round "9.3"]
[White "Kosnar, Martin"]
[Black "Civin, Dominik"]
[Result "0-1"]
[WhiteElo "2073"]
[BlackElo "2001"]
[PlyCount "106"]
[EventDate "2022.10.09"]
[EventType "team-tourn"]
[EventRounds "11"]
[EventCountry "CZE"]
[SourceTitle "EXT 2024"]
[Source "ChessBase"]
[SourceDate "2023.10.10"]
[SourceVersion "1"]
[SourceVersionDate "2023.10.10"]
[SourceQuality "1"]
[WhiteTeam "Lysa nad Labem Joly IV"]
[BlackTeam "Zdice"]
[WhiteTeamCountry "CZE"]
[BlackTeamCountry "CZE"]

1. e4 e5 2. Nf3 Nc6 3. Bb5 a6 4. Ba4 Nf6 5. 0-0 Nxe4 6. Qe2 Nc5 7. Bxc6 dxc6 8. Qxe5+ Be6 9. d4 Nd7 10. Qe2 Be7 11. Bf4 0-0 12. Nbd2 Re8 13. Rfe1 Nb6 14. c3 Nd5 15. Bg3 Bf8 16. Qf1 f6 17. h3 Qd7 18. Nb3 b6 19. Rad1 a5 20. Qd3 Bf7 21. Qb1 a4 22. Nbd2 a3 23. Rxe8 Rxe8 24. c4 Bg6 25. Qc1 axb2 26. Qxb2 Ne7 27. Nf1 Nf5 28. Bh2 Bf7 29. Qc3 Ra8 30. Ra1 Ra3 31. Qc1 Nxd4 32. Nxd4 Qxd4 33. Bxc7 Ra7 34. Bb8 Ra8 35. Bg3 Ba3 36. Qe1 Qxc4 37. Ne3 Qe6 38. Qc3 b5 39. Re1 Bf8 40. Ng4 Qc4 41. Qf3 Re8 42. Rxe8 Bxe8 43. Bh4 Qe6 44. Qc3 b4 45. Qd4 Be7 46. Qa7 c5 47. Ne3 Bf8 48. Qa8 Bf7 49. Qd8 c4 50. Ng4 h5 51. Nxf6+ gxf6 52. Bxf6 Qd6 53. Be7 Qxe7 0-1

[Event "Mid Bohemia Region-chT 2223"]
[Site "Czech Republic"]
[Date "2023.02.12"]
[Round "8.3"]
[White "Vacek, Radomir"]
[Black "Kosnar, Martin"]
[Result "1/2-1/2"]
[WhiteElo "1984"]
[BlackElo "2073"]
[PlyCount "73"]
[EventDate "2022.10.09"]
[EventType "team-tourn"]
[EventRounds "11"]
[EventCountry "CZE"]
[SourceTitle "EXT 2024"]
[Source "ChessBase"]
[SourceDate "2023.10.10"]
[SourceVersion "1"]
[SourceVersionDate "2023.10.10"]
[SourceQuality "1"]
[WhiteTeam "Bakov nad Jizerou II"]
[BlackTeam "Lysa nad Labem Joly IV"]
[WhiteTeamCountry "CZE"]
[BlackTeamCountry "CZE"]

1. d4 Nf6 2. c4 g6 3. Nc3 Bg7 4. e4 0-0 5. Be2 d6 6. Nf3 Nc6 7. 0-0 e5 8. d5 Ne7 9. Ne1 Ne8 10. Nd3 c5 11. a3 f5 12. f3 f4 13. b4 b6 14. bxc5 bxc5 15. Bd2 g5 16. Rb1 Rf6 17. Nf2 Rg6 18. Nb5 a6 19. Nc3 Nf6 20. Na4 Nd7 21. Qe1 h5 22. Ba5 Qe8 23. Bc7 Kh7 24. Qa5 Ra7 25. Bb8 Ra8 26. Bc7 Ra7 27. Bd1 Ng8 28. Bb8 Ra8 29. Qc7 Rxb8 30. Rxb8 Nxb8 31. Qxb8 Bd7 32. Qb3 g4 33. Nb6 gxf3 34. Bxf3 Bg4 35. Kh1 Qd8 36. Na4 Nh6 37. Qc3 1/2-1/2

[Event "CZE-chT1W 1920"]
[Site "Czech Republic"]
[Date "2019.11.24"]
[Round "3.1"]
[White "Kosnar, Martin"]
[Black "Vavra, Stanislav"]
[Result "1/2-1/2"]
[WhiteElo "2147"]
[BlackElo "1976"]
[PlyCount "49"]
[EventDate "2019.10.20"]
[EventType "team-tourn"]
[EventRounds "11"]
[EventCountry "CZE"]
[SourceTitle "CBM 193 Extra"]
[Source "ChessBase"]
[SourceDate "2020.01.31"]
[SourceVersion "1"]
[SourceVersionDate "2020.01.31"]
[SourceQuality "1"]
[WhiteTeam "Lysa nad Labem III"]
[BlackTeam "Vlasim Spartak"]
[WhiteTeamCountry "CZE"]
[BlackTeamCountry "CZE"]

1. e4 d5 2. exd5 Qxd5 3. Nf3 Bg4 4. Be2 c6 5. Nc3 Qa5 6. 0-0 Nf6 7. Nd4 Bxe2 8. Qxe2 Nbd7 9. d3 e6 10. Bd2 Qe5 11. Be3 Bc5 12. Nb3 Bxe3 13. Qxe3 Qxe3 14. fxe3 Nd5 15. Nd1 0-0 16. e4 Nb4 17. Ne3 c5 18. Na5 b6 19. Nac4 Nc6 20. Rf2 Nde5 21. Raf1 f6 22. Nd2 Rfd8 23. Nf3 Rd7 24. h3 h6 25. Nd2 1/2-1/2

[Event "CZE-chT2C 1920"]
[Site "Czech Republic"]
[Date "2019.10.13"]
[Round "1.6"]
[White "Marsalek, Zdenek"]
[Black "Kosnar, Martin"]
[Result "1-0"]
[WhiteElo "2218"]
[BlackElo "2147"]
[PlyCount "101"]
[EventDate "2019.10.13"]
[EventType "team-tourn"]
[EventRounds "11"]
[EventCountry "CZE"]
[SourceTitle "EXT 2024"]
[Source "ChessBase"]
[SourceDate "2023.10.10"]
[SourceVersion "1"]
[SourceVersionDate "2023.10.10"]
[SourceQuality "1"]
[WhiteTeam "Turnov Zikuda III"]
[BlackTeam "Lysa nad Labem Joly III"]
[WhiteTeamCountry "CZE"]
[BlackTeamCountry "CZE"]

1. d4 d6 2. Nf3 g6 3. g3 Bg7 4. Bg2 Nc6 5. 0-0 e5 6. d5 Nce7 7. c4 Bg4 8. Nc3 Qd7 9. Re1 Nf6 10. Rb1 0-0 11. b4 Rfd8 12. e4 b6 13. c5 c6 14. b5 cxd5 15. c6 Qc7 16. exd5 e4 17. Nxe4 Nxe4 18. Rxe4 Bf5 19. Nd4 Bxe4 20. Bxe4 Kh8 21. Be3 Ng8 22. Qd2 Re8 23. Bf3 Nf6 24. a4 Re7 25. Bf4 Ne4 26. Qb4 Nc5 27. Rd1 Rae8 28. Nb3 Be5 29. Nxc5 bxc5 30. Bxe5+ Rxe5 31. Qc3 Kg8 32. a5 Rb8 33. Rb1 f5 34. h4 Kf7 35. Kg2 Qd8 36. Qd2 Qc7 37. Qh6 Kg8 38. h5 Qxa5 39. hxg6 Qc7 40. gxh7+ Kh8 41. Qf6+ Qg7 42. Qxd6 Rf8 43. b6 axb6 44. Rxb6 Ree8 45. Qxc5 f4 46. g4 Re1 47. c7 Rc8 48. Rb8 Ree8 49. Rxc8 Rxc8 50. d6 Qd7 51. Qe5+ 1-0

[Event "CZE-chT2C 1718"]
[Site "Czech Republic"]
[Date "2018.01.28"]
[Round "7.3"]
[White "Kosnar, Martin"]
[Black "Bartos, Jan"]
[Result "1/2-1/2"]
[WhiteElo "2114"]
[BlackElo "2227"]
[PlyCount "65"]
[EventDate "2017.10.15"]
[EventType "team-tourn"]
[EventRounds "11"]
[EventCountry "CZE"]
[SourceTitle "EXT 2022"]
[Source "ChessBase"]
[SourceDate "2021.10.06"]
[SourceVersion "1"]
[SourceVersionDate "2021.10.06"]
[SourceQuality "1"]
[WhiteTeam "Praha Eurovia"]
[BlackTeam "Unichess Vyletna"]
[WhiteTeamCountry "CZE"]
[BlackTeamCountry "CZE"]

1. e4 e5 2. Nf3 Nc6 3. Bb5 g6 4. Bxc6 dxc6 5. d4 exd4 6. Qxd4 Qxd4 7. Nxd4 Bg7 8. c3 Bd7 9. 0-0 0-0-0 10. Bg5 Re8 11. Nd2 c5 12. N4b3 b6 13. Rfe1 Ne7 14. h3 Nc6 15. f4 h6 16. Bh4 g5 17. Bg3 gxf4 18. Bxf4 Ne5 19. Bxe5 Bxe5 20. Nc4 Bg3 21. Re3 Rhg8 22. Rf1 Be6 23. Ncd2 Rg7 24. Kh1 Reg8 25. Nc1 Bh4 26. Nf3 Be7 27. Rf2 Rd8 28. Re1 Rgg8 29. b3 Bf6 30. c4 Rd7 31. Ne2 Bd4 32. Nfxd4 cxd4 33. Nf4 1/2-1/2

[Event "CZE-chT1W 1718"]
[Site "Czech Republic"]
[Date "2018.01.21"]
[Round "6.1"]
[White "Kosnar, Martin"]
[Black "Michalek, Jan"]
[Result "1/2-1/2"]
[WhiteElo "2109"]
[BlackElo "2258"]
[PlyCount "96"]
[EventDate "2017.10.29"]
[EventType "team-tourn"]
[EventRounds "11"]
[EventCountry "CZE"]
[SourceTitle "EXT 2019"]
[Source "ChessBase"]
[SourceDate "2018.10.10"]
[SourceVersion "1"]
[SourceVersionDate "2018.10.10"]
[SourceQuality "1"]
[WhiteTeam "Lysa nad Labem III"]
[BlackTeam "Vysehrad"]
[WhiteTeamCountry "CZE"]
[BlackTeamCountry "CZE"]

1. e4 g6 2. d4 Bg7 3. Nf3 d6 4. Bd3 Nf6 5. 0-0 0-0 6. c3 Nc6 7. h3 e5 8. dxe5 Nxe5 9. Nxe5 dxe5 10. Bg5 h6 11. Bxf6 Qxf6 12. Nd2 Rd8 13. Nf3 Rd6 14. Qe2 g5 15. Nh2 h5 16. Rfd1 g4 17. hxg4 hxg4 18. Bc4 Rb6 19. Qd2 Bf8 20. Nf1 Rd6 21. Qe2 Bd7 22. Rxd6 Bxd6 23. Qe3 a5 24. Rb1 Qf4 25. Ng3 Bc6 26. Re1 Be7 27. Nf5 Bg5 28. Qxf4 exf4 29. Nd4 Be8 30. Kf1 Rd8 31. e5 Kf8 32. f3 c5 33. Nf5 gxf3 34. gxf3 b5 35. Be2 Rd5 36. Nd6 Bd7 37. Bxb5 Rxd6 38. exd6 Bxb5+ 39. Kg2 Bd8 40. Re5 Bd7 41. Rxc5 Be6 42. Rh5 Ke8 43. a4 Bb3 44. Re5+ Kd7 45. Re4 Kxd6 46. Rd4+ Kc7 47. Rxf4 Be7 48. Rf5 Bxa4 1/2-1/2

[Event "CZE-chT1W 1718"]
[Site "Czech Republic"]
[Date "2017.12.10"]
[Round "4.2"]
[White "Kosnar, Martin"]
[Black "Cmiko, Jakub"]
[Result "1-0"]
[WhiteElo "2109"]
[BlackElo "2021"]
[PlyCount "97"]
[EventDate "2017.10.29"]
[EventType "team-tourn"]
[EventRounds "11"]
[EventCountry "CZE"]
[SourceTitle "EXT 2019"]
[Source "ChessBase"]
[SourceDate "2018.10.10"]
[SourceVersion "1"]
[SourceVersionDate "2018.10.10"]
[SourceQuality "1"]
[WhiteTeam "Lysa nad Labem III"]
[BlackTeam "Praha Oaza"]
[WhiteTeamCountry "CZE"]
[BlackTeamCountry "CZE"]

1. Nf3 Nf6 2. g3 g6 3. Bg2 Bg7 4. d4 0-0 5. 0-0 d6 6. c4 Nbd7 7. Nc3 c6 8. e4 e5 9. dxe5 Nxe5 10. Nxe5 dxe5 11. Qe2 Be6 12. b3 Qa5 13. Bd2 Qc7 14. Na4 Rad8 15. Bc3 Nd7 16. f4 f6 17. Bb4 Rfe8 18. Kh1 exf4 19. gxf4 Bf5 20. Qc2 Be6 21. Rad1 Nf8 22. Rxd8 Rxd8 23. Bc3 f5 24. Bxg7 Qxg7 25. e5 Qc7 26. Qf2 b6 27. Qf3 Bd7 28. Nb2 Ne6 29. Nd3 Be8 30. Nb4 Rd4 31. Qe3 a5 32. Nc2 Rd8 33. a3 b5 34. c5 Qd7 35. Qg3 Nxc5 36. b4 Ne6 37. bxa5 c5 38. Ne3 Qd4 39. Nxf5 Qd3 40. Nh6+ Kg7 41. Qh4 c4 42. Ng4 h5 43. Qf6+ Kh7 44. Qe7+ Ng7 45. Nf6+ Kh6 46. Ne4 Kh7 47. Nc5 Qd4 48. Ne6 Qd7 49. Nf8+ 1-0

[Event "CZE-chT1W 1718"]
[Site "Czech Republic"]
[Date "2017.11.12"]
[Round "2.3"]
[White "Jezbera, Jiri"]
[Black "Kosnar, Martin"]
[Result "1/2-1/2"]
[WhiteElo "2100"]
[BlackElo "2109"]
[PlyCount "110"]
[EventDate "2017.10.29"]
[EventType "team-tourn"]
[EventRounds "11"]
[EventCountry "CZE"]
[SourceTitle "EXT 2019"]
[Source "ChessBase"]
[SourceDate "2018.10.10"]
[SourceVersion "1"]
[SourceVersionDate "2018.10.10"]
[SourceQuality "1"]
[WhiteTeam "Hradec Kralove Slavia"]
[BlackTeam "Lysa nad Labem III"]
[WhiteTeamCountry "CZE"]
[BlackTeamCountry "CZE"]

1. e4 e5 2. Nf3 Nc6 3. d4 exd4 4. Bc4 Nf6 5. 0-0 Be7 6. e5 Ne4 7. Bd5 Nc5 8. Re1 Ne6 9. Nbd2 0-0 10. Nb3 d6 11. Bxc6 bxc6 12. Nbxd4 Bd7 13. Nf5 d5 14. c4 Bb4 15. Bd2 Bxd2 16. Qxd2 Nc5 17. Ne3 Be6 18. Qd4 Nb7 19. Qf4 Qe7 20. Nd4 Nd8 21. Nxc6 Nxc6 22. cxd5 Qb4 23. Qxb4 Nxb4 24. dxe6 fxe6 25. Red1 Rab8 26. b3 Rb5 27. Rd4 Nc6 28. Rc4 Nxe5 29. Rxc7 Nd3 30. Rxa7 Re5 31. Rf1 h5 32. g3 h4 33. Kg2 Rh5 34. f4 h3+ 35. Kg1 e5 36. f5 Rh6 37. Rd7 e4 38. Re7 Ra6 39. Ra1 g6 40. g4 gxf5 41. gxf5 Rfa8 42. Rxe4 Rxa2 43. Rxa2 Rxa2 44. Rh4 Ra1+ 45. Nf1 Rb1 46. Rxh3 Rxb3 47. Rg3+ Kf7 48. h4 Kf6 49. Ne3 Rb1+ 50. Kh2 Nf4 51. Rf3 Ke5 52. Kg3 Rg1+ 53. Kf2 Rh1 54. Kg3 Rg1+ 55. Kf2 Rh1 1/2-1/2

[Event "CZE-chT2C 1516"]
[Site "Czech Republic"]
[Date "2016.04.03"]
[Round "10.4"]
[White "Danes, Jaroslav"]
[Black "Kosnar, Martin"]
[Result "1/2-1/2"]
[WhiteElo "2245"]
[BlackElo "2147"]
[PlyCount "47"]
[EventDate "2015.10.18"]
[EventType "team-tourn"]
[EventRounds "11"]
[EventCountry "CZE"]
[SourceTitle "EXT 2022"]
[Source "ChessBase"]
[SourceDate "2021.10.06"]
[SourceVersion "1"]
[SourceVersionDate "2021.10.06"]
[SourceQuality "1"]
[WhiteTeam "Kutna Hora"]
[BlackTeam "Lysa nad Labem IV"]
[WhiteTeamCountry "CZE"]
[BlackTeamCountry "CZE"]

1. e4 e6 2. d4 d5 3. Nc3 dxe4 4. Nxe4 Nd7 5. g3 Ngf6 6. Nxf6+ Nxf6 7. Bg2 e5 8. Nf3 exd4 9. Qxd4 Be7 10. 0-0 0-0 11. Qxd8 Bxd8 12. c4 c6 13. b3 Bf5 14. Bb2 Re8 15. Rfe1 Ba5 16. Rxe8+ Rxe8 17. Nh4 Bd3 18. Bxf6 gxf6 19. Bf1 Bg6 20. Rd1 Rd8 21. Rxd8+ Bxd8 22. Nxg6 fxg6 23. f4 Kf7 24. Kf2 1/2-1/2

[Event "CZE-chT1W 0910"]
[Site "Czech Republic"]
[Date "2010.04.11"]
[Round "11.4"]
[White "Kosnar, Martin"]
[Black "Novotny, Michal"]
[Result "0-1"]
[WhiteElo "2173"]
[BlackElo "2292"]
[PlyCount "118"]
[EventDate "2009.10.11"]
[EventType "team-tourn"]
[EventRounds "11"]
[EventCountry "CZE"]
[SourceTitle "EXT 2011"]
[Source "ChessBase"]
[SourceDate "2010.11.26"]
[SourceVersion "1"]
[SourceVersionDate "2010.11.26"]
[SourceQuality "1"]
[WhiteTeam "Lysa nad Labem"]
[BlackTeam "Chrudim"]
[WhiteTeamCountry "CZE"]
[BlackTeamCountry "CZE"]

1. e4 c5 2. Nf3 a6 3. b3 d6 4. Bb2 Nf6 5. d3 Nc6 6. Be2 e5 7. Nbd2 g6 8. a4 Bh6 9. 0-0 Nh5 10. Nc4 0-0 11. Nfxe5 dxe5 12. Bxh5 gxh5 13. Qxh5 Qg5 14. Qxg5+ Bxg5 15. Nxe5 Bf6 16. Nxc6 Bxb2 17. Ne7+ Kh8 18. Rab1 Bg7 19. Nxc8 Raxc8 20. g3 Bc3 21. Kg2 Kg7 22. f4 Kf6 23. g4 Rg8 24. Kf3 Ke7 25. Rf2 Rc6 26. h4 b5 27. axb5 axb5 28. Re2 Ra6 29. g5 Rga8 30. h5 Ra1 31. Rxa1 Rxa1 32. Rg2 Rf1+ 33. Kg4 b4 34. Re2 Bb2 35. Rg2 Ke6 36. f5+ Ke5 37. g6 fxg6 38. hxg6 hxg6 39. fxg6 Kf6 40. g7 Kxg7 41. Kg3 Bd4 42. Kg4 Kg6 43. Rh2 Be5 44. Rg2 Bc3 45. Rh2 Bd4 46. Rg2 Be5 47. Kh4+ Kf6 48. Kh5 Rh1+ 49. Kg4 Rh2 50. Rxh2 Bxh2 51. Kf3 Ke5 52. Ke2 Kd4 53. Kd1 Kc3 54. Kc1 Be5 55. Kb1 Kd2 56. d4 Bxd4 57. e5 Bxe5 58. Ka2 Kc3 59. Kb1 Bf4 0-1

[Event "CZE-chT1W 0809"]
[Site "Czech Republic"]
[Date "2008.12.14"]
[Round "5.3"]
[White "Kosnar, Martin"]
[Black "Bujnoch, Radek"]
[Result "1/2-1/2"]
[WhiteElo "2175"]
[BlackElo "2233"]
[PlyCount "54"]
[EventDate "2008.10.19"]
[EventType "team-tourn"]
[EventRounds "11"]
[EventCountry "CZE"]
[SourceTitle "EXT 2010"]
[Source "ChessBase"]
[SourceDate "2010.11.25"]
[SourceVersion "1"]
[SourceVersionDate "2010.11.25"]
[SourceQuality "1"]
[WhiteTeam "Lysa nad Labem"]
[BlackTeam "Chrudim"]
[WhiteTeamCountry "CZE"]
[BlackTeamCountry "CZE"]

1. e4 c5 2. Nf3 Nc6 3. Bb5 g6 4. Bxc6 dxc6 5. d4 cxd4 6. Qxd4 Qxd4 7. Nxd4 Bg7 8. c3 e5 9. Nb3 f5 10. N1d2 Nf6 11. f3 0-0 12. Na5 fxe4 13. Nxe4 Nxe4 14. fxe4 Rf7 15. Rf1 b6 16. Rxf7 Kxf7 17. Nc4 Ba6 18. b3 Rd8 19. Bg5 Rd7 20. Rd1 Rxd1+ 21. Kxd1 Ke6 22. Kd2 Bf8 23. Be3 Be7 24. Ke2 h5 25. h3 Bb7 26. Kd3 Ba6 27. Kd2 Bb7 1/2-1/2

[Event "CZE-chT3A Middle 0506  "]
[Site "Czech Republic"]
[Date "2006.02.05"]
[Round "7.4"]
[White "Pechoc, Bohumil"]
[Black "Kosnar, Martin"]
[Result "0-1"]
[WhiteElo "1984"]
[BlackElo "2083"]
[PlyCount "126"]
[EventDate "2005.10.30"]
[EventType "team"]
[EventRounds "11"]
[EventCountry "CZE"]
[SourceTitle "EXT 2009"]
[Source "ChessBase"]
[SourceDate "2008.11.26"]
[SourceVersion "1"]
[SourceVersionDate "2008.11.26"]
[SourceQuality "1"]

1. e3 Nf6 2. Ne2 c5 3. g3 d5 4. d4 Bg4 5. Bg2 cxd4 6. exd4 Nc6 7. c3 e6 8. h3 Bh5 9. 0-0 Qb6 10. g4 Bg6 11. Nf4 Be4 12. f3 Bxb1 13. Rxb1 Bd6 14. Kh1 0-0 15. g5 Nd7 16. Qe1 Qc7 17. Qh4 Ne7 18. Qg4 e5 19. Nh5 exd4 20. cxd4 Nb6 21. f4 Qc2 22. Be3 Qf5 23. Qh4 Nc4 24. Rbe1 Bb4 25. Re2 Qd3 26. Qf2 Nf5 27. Bc1 Nxd4 28. Ng3 Nxe2 29. Nxe2 Rfe8 30. Ng1 b6 31. f5 Bc5 32. Qh4 Bxg1 33. Kxg1 Ne3 34. Bxe3 Qxe3+ 35. Kh1 Rad8 36. f6 Qe5 37. Bf3 d4 38. Bc6 Rf8 39. Be4 h6 40. gxh6 g6 41. h7+ Kh8 42. Bf3 Rfe8 43. Bc6 Qh5 44. Qxh5 gxh5 45. Bxe8 Rxe8 46. Rd1 Rd8 47. Kg2 d3 48. Kf3 d2 49. Ke4 Kxh7 50. Ke5 Kg8 51. h4 Kf8 52. b4 b5 53. Ke4 Ke8 54. Kf5 Rd6 55. Kg5 Rd5+ 56. Kh6 Kd7 57. a3 Ke6 58. Kg7 a6 59. Kf8 Kxf6 60. Ke8 Ke6 61. Kf8 f5 62. Kg7 f4 63. Kg6 f3 0-1

[Event "CZE-chT1b 9697"]
[Site "Czech Republic"]
[Date "1997.??.??"]
[Round "?"]
[White "Marsalek, Zdenek"]
[Black "Kosnar, Martin"]
[Result "1-0"]
[WhiteElo "2220"]
[BlackElo "2235"]
[PlyCount "91"]
[EventDate "1996.??.??"]
[EventType "team"]
[EventRounds "11"]
[EventCountry "CZE"]
[SourceTitle "EXT 1998"]
[Source "ChessBase"]
[SourceDate "1997.11.17"]
[SourceVersion "1"]
[SourceVersionDate "1997.11.17"]
[SourceQuality "1"]

1. d4 Nf6 2. Nf3 g6 3. g3 Bg7 4. Bg2 0-0 5. 0-0 d5 6. c4 dxc4 7. Na3 c6 8. Nxc4 Be6 9. b3 Qc8 10. Ba3 Re8 11. Re1 Bd5 12. Rc1 Nbd7 13. Qc2 Be4 14. Qb2 Qd8 15. Ncd2 Nb6 16. Nxe4 Nxe4 17. Qc2 Nd6 18. e4 a5 19. Bb2 a4 20. Ne5 e6 21. b4 Nb5 22. Red1 a3 23. Ba1 Qd6 24. Rb1 Red8 25. Bf3 Qb8 26. Be2 Qd6 27. Kg2 Bf8 28. h4 Ra4 29. Nc4 Nxc4 30. Qxa4 Nb6 31. Qb3 Bg7 32. Bxb5 cxb5 33. Qxa3 f5 34. exf5 gxf5 35. d5 Nxd5 36. Bxg7 Kxg7 37. Qb2+ Kf7 38. Qd4 Qc6 39. Kg1 Ra8 40. Rbc1 Qd7 41. Rd2 Ra4 42. Qh8 Kg6 43. Rc8 Rxb4 44. Rg8+ Kh6 45. Rxd5 Rb1+ 46. Kh2 1-0

[Event "CZE-chT1b 9697"]
[Site "Czech Republic"]
[Date "1997.??.??"]
[Round "?"]
[White "Nemec, Pavel"]
[Black "Kosnar, Martin"]
[Result "1-0"]
[WhiteElo "2275"]
[BlackElo "2235"]
[PlyCount "95"]
[EventDate "1996.??.??"]
[EventType "team"]
[EventRounds "11"]
[EventCountry "CZE"]
[SourceTitle "EXT 1998"]
[Source "ChessBase"]
[SourceDate "1997.11.17"]
[SourceVersion "1"]
[SourceVersionDate "1997.11.17"]
[SourceQuality "1"]

1. e4 e5 2. Nf3 Nc6 3. Bb5 a6 4. Ba4 Nf6 5. 0-0 Be7 6. Re1 d6 7. c3 b5 8. Bb3 0-0 9. d4 Bg4 10. d5 Na5 11. Bc2 Nc4 12. h3 Bh5 13. Nbd2 Nxd2 14. Bxd2 Nd7 15. g4 Bg6 16. a4 h5 17. Qe2 hxg4 18. hxg4 bxa4 19. Rxa4 Nc5 20. Ra2 Qd7 21. Nh2 a5 22. Rea1 Rab8 23. Bc1 c6 24. c4 cxd5 25. cxd5 Bd8 26. Ra3 f6 27. R1a2 Be8 28. Bd2 a4 29. Be3 Bb6 30. Bxc5 Bxc5 31. Bxa4 Qa7 32. Bxe8 Bxa3 33. Rxa3 Qb7 34. Bg6 Qxb2 35. Qxb2 Rxb2 36. Ra6 Rd8 37. Nf3 Rbb8 38. Nh4 Ra8 39. Rc6 Ra7 40. Nf5 Rad7 41. Kg2 Kf8 42. Kg3 Kg8 43. Nh4 Ra7 44. Kg2 Rb7 45. Bf5 Kf8 46. Be6 Rb4 47. Ng6+ Ke8 48. Rc7 1-0